Die wertvollsten Fußballspieler nach Image - Sudden Death - Statistiken

Allgemein
  • Dieses Quiz wurde 788 mal gespielt
    389 seit der letzten Aktualisierung
  • Das Durchschnittsergebnis liegt bei 7 aus 18
Answers on the Grid
Answers color-coded by a green-red scale on the quiz's grid according to % correct below.
Lamine Yamal
Jude Bellingham
Erling Haaland
Kylian Mbappé
Vinicius Junior
Bukayo Saka
Pedri
Florian Wirtz
Jamal Musiala
Federico Valverde
Cole Palmer
Declan Rice
Alexander Isak
Rodri
Julián Alvarez
Michael Olise
Alexis Mac Allister
Phil Foden
Rodrygo
Martin Ødegaard
Eduardo Camavinga
Aurélien Tchouaméni
Lautaro Martínez
Gavi
Harry Kane
Khvicha Kvaratskhelia
Luis Díaz
Moisés Caicedo
Xavi Simons
Bruno Guimarães
Nicolò Barella
Enzo Fernández
Josko Gvardiol
Dominik Szoboszlai
Gabriel Magalhães
Rafael Leão
 
Antwortstatistiken
Antwort % Korrekt
Erling Haaland
65%
Lamine Yamal
65%
Florian Wirtz
62%
Kylian Mbappé
57%
Jude Bellingham
56%
Vinicius Junior
52%
Jamal Musiala
52%
Bukayo Saka
37%
Cole Palmer
37%
Pedri
30%
Phil Foden
27%
Declan Rice
25%
Alexander Isak
22%
Rodri
22%
Michael Olise
21%
Federico Valverde
19%
Julián Alvarez
7%
Alexis Mac Allister
6%
Keine übereinstimmenden Quizze gefunden
Verteilung der Resultate
Anzahl Personen mit jedem Resultat
Perzentil nach korrekt beantworteten Fragen
Ihre Resultats-Entwicklung
Sie haben dieses Quiz seit der letzten Aktualisierung nicht gespielt